| 000 | 01724 a2200289 4500 | ||
|---|---|---|---|
| 005 | 20080825112722.0 | ||
| 008 | 080825t xxu||||| |||| 00| 0 hin d | ||
| 010 | _aHIN-84071 | ||
| 020 | _c300.00 | ||
| 035 | _aHN-56417 | ||
| 037 | _aDBAD / PUB | ||
| 040 |
_aDPL _bHN |
||
| 082 | _a823.08 | ||
| 100 | _aकैलास प्रकाश सिंह | ||
| 245 |
_aरांगेय राघव के उपन्यासों में प्रगतिशील चेतना / _cकैलास प्रकाश सिंह |
||
| 246 |
_aRangey Raghav ke upanyasoon men pragatishila chetanaa _bby Kailas Prakash Singh |
||
| 260 |
_aदिल्ली _bप्रतिमा प्रकाशन _c2005 |
||
| 270 |
_a821/बी, गुरूरामदास नगर एक्सटेंशन गुरूद्वारा रोड़, लक्ष्मी नगर _bदिल्ली _e110092 |
||
| 300 |
_a288पृ _c22सेमी (सजिल्द) |
||
| 500 | _aसमान ISBN 8190205196 शीर्षक ' दुनिया का अनमोल रत्न ' | ||
| 600 |
_aरांगेय राघव _xव्याख्या एवं समालोचना |
||
| 600 |
_aRangey Raghav _xCriticism and interpretation |
||
| 650 |
_aहिन्दी उपन्यास _xव्याख्या एवं समालोचना |
||
| 650 |
_aHindi fiction _xCriticism and interpretation |
||
| 942 |
_adpl _cHN _2ddc _mकैलास _h823.08 |
||
| 999 |
_c15061 _d15061 |
||